The tomorrow makers : A brave new world of living-brain machines

Gorde:
Xehetasun bibliografikoak
Egile nagusia: Fjermedal, Grant
Formatua: Liburua
Hizkuntza:Undetermined
Argitaratua: Washington, D.C. Tempus Books of Microsoft Press 1986
Gaiak:
Etiketak: Etiketa erantsi
Etiketarik gabe, Izan zaitez lehena erregistro honi etiketa jartzen!
Thư viện lưu trữ: Trung tâm Học liệu Trường Đại học Cần Thơ
LEADER 00615nam a2200205Ia 4500
001 CTU_84064
008 210402s9999 xx 000 0 und d
082 |a 629.8 
082 |b F568 
100 |a Fjermedal, Grant 
245 4 |a The tomorrow makers : 
245 2 |b A brave new world of living-brain machines 
245 0 |c Grant Fjermedal 
260 |a Washington, D.C. 
260 |b Tempus Books of Microsoft Press 
260 |c 1986 
650 |a Artificial intelligence,Robotics 
650 |x Popular works,Popular works 
904 |i QHieu(sửa) 
980 |a Trung tâm Học liệu Trường Đại học Cần Thơ